| 000 | 00827nam a2200253 a 4500 | ||
|---|---|---|---|
| 001 | BRCA_7775 | ||
| 005 | 20190320210004.0 | ||
| 008 | 300913s1958----enkac#####---#000-0#eng-# | ||
| 041 | _aeng | ||
| 044 | _aenk | ||
| 050 | 4 |
_aHG3386 _b.L36 1958 |
|
| 100 | 1 |
_aLandes, David S. _919251 |
|
| 245 | 1 | 0 |
_aBankers and pashas _binternational finance and economic imperialism in Egypt _cDavid S. Landes. |
| 260 |
_aGreat Britain _bHeinemann _c1958 |
||
| 300 |
_axvi, 354 p. _bil., tablas _c22 cm. |
||
| 440 | 0 |
_aKingswood books on social history _919252 |
|
| 500 | _aX13 | ||
| 504 | _aBibliografía 341-344 | ||
| 650 | 1 | 4 |
_aInversiones extranjeras _vFinanzas _zEgipto _919253 |
| 650 | 1 | 4 |
_aBancos y operaciones bancarias _zEgipto _919254 |
| 651 | 4 |
_aEgipto _xRelaciones económicas exteriores _919255 |
|
| 902 | _aGFM | ||
| 942 |
_2lcc _cB |
||
| 999 |
_c7449 _d7449 |
||